| 000 | 00607nam a2200193 4500 | ||
|---|---|---|---|
| 999 |
_c162123 _d162123 |
||
| 005 | 20190306110239.0 | ||
| 010 | _aENG-124838 | ||
| 020 |
_a9788193593813 _c350.00 |
||
| 035 | _aEN-108370 | ||
| 037 | _bDBAD/PUB | ||
| 082 | _a511.8 | ||
| 100 | _aKamalanand,K. | ||
| 245 |
_aMathematical modelling of systems and analysis/ _cby K.Kamalanane[and]P.Mannar Jawahar |
||
| 260 |
_aDelhi _bPHI Learning _c2019 |
||
| 270 |
_aRimjhim House,111,Patparganj,Industrial Estate, _bDelhi _e110092 |
||
| 300 |
_a252p. _c21cm(pbk) _bill. |
||
| 700 | _aJawahar,Mannar P. | ||
| 942 |
_2ddc _cEN _h511.8 _mKAM |
||